000 00412nam a2200181Ia 4500
001 19194
005 20260306171726.0
008 260306s9999||||xx |||||||||||||| ||und||
041 _aESP
082 _a658.8
_bT39
100 _aTerpstra, Vern
_eAUT
245 0 _aInternational marketing
260 _c2006
300 _a562 páginas :
_ccm.
650 _aGEN
654 _aCAN
942 _cLIB
_dJUS
_fJUS
_2ddc
_n
999 _c19194
_d19194